[Event "Dieren op"]
[Site "Dieren"]
[Date "1988.??.??"]
[Round "2"]
[White "Van Wely, Loek"]
[Black "Caessens, Rob"]
[Result "0-1"]
[WhiteElo "2325"]
[BlackElo "2225"]
[PlyCount "98"]
[EventDate "1988.??.??"]
[EventType "swiss"]
[EventRounds "9"]
[EventCountry "NED"]
[SourceTitle "TD"]
[Source "ChessBase"]
[SourceDate "1994.03.01"]
[SourceVersion "1"]
[SourceVersionDate "1994.03.01"]
[SourceQuality "1"]

1. d4 Nf6 2. c4 g6 3. Nc3 Bg7 4. e4 d6 5. Nf3 0-0 6. Be2 e5 7. 0-0 exd4 8. Nxd4 Re8 9. f3 c6 10. Nc2 Be6 11. f4 Na6 12. Ne3 Nc5 13. Bf3 Bc8 14. f5 Nfxe4 15. Bxe4 Nxe4 16. Nxe4 Rxe4 17. Qf3 Rxe3 18. Bxe3 Bxf5 19. Rad1 Be6 20. Bd4 Bxd4+ 21. Rxd4 d5 22. b3 Qb6 23. Qf2 Rf8 24. h3 Qc5 25. b4 Qe7 26. c5 Bf5 27. Rf4 f6 28. a4 Bd3 29. Re1 Be4 30. b5 Qe5 31. Rf3 f5 32. Rb3 d4 33. bxc6 bxc6 34. Rb4 d3 35. Rb7 Rf7 36. Rxf7 Kxf7 37. Rb1 Ke6 38. Rb7 Qa1+ 39. Kh2 Qe5+ 40. Kg1 Qc3 41. Qe3 Qc2 42. Qg5 Qxc5+ 43. Kh1 Qd6 44. Rxh7 d2 45. Qxg6+ Kd5 46. Qf7+ Kc5 47. Qxa7+ Kc4 48. Qa6+ Kc3 49. Qa5+ Kc2 0-1